All Lego Batman characters - Statistics

General Stats
  • This quiz has been taken 205 times
  • The average score is 19 of 55
Answer Stats
Hint Answer % Correct
B Batman
99%
R Robin
97%
J Joker
92%
A Alfred
78%
B Batgirl
78%
H Harley Quinn
76%
B Bane
74%
P Penguin
71%
R Riddler
70%
P Poison Ivy
69%
N Nightwing
67%
T Two-Face
65%
C Clayface
64%
M Mr.Freeze
64%
K Killer Croc
63%
C Catwomen
61%
G Gordon
56%
M Man-Bat
55%
S Scarecrow
55%
K Killer Moth
48%
M Mad Hatter
46%
R Ra's al Ghul
38%
B Bruce Wayne
35%
H Hush
32%
J Joker Goon
24%
F Firefly
22%
P Penguin Goon
22%
R Riddler Goon
21%
B Barbara Gordon
20%
D Dick Grayson
20%
T Tim Drake
19%
Y Yeti
18%
P Police Officer
17%
J Joker Henchman
15%
P Penguin Henchman
15%
A Azrael
14%
B Black Mask
13%
R Riddler Henchman
13%
T Talia al Ghul
11%
F Fishmonger
9%
P Poison Ivy Goon
9%
H Hugo Strange
8%
H Huntress
8%
T Tropical Joker
8%
L Lucius Fox
7%
V Ventriloquist
7%
C Clown Goon
6%
F Freeze Girl
6%
P Penguin Minion
6%
V Victor Zsasz
6%
H Harvey Bullock
4%
S Security Guard
3%
J Jeremiah Arkham
2%
M Military Policeman
2%
J Jonathan Crane
1%
No matching quizzes found
Score Distribution
Percent of People with Each Score
Percentile by Number Answered
Your Score History
You have not taken this quiz